000
00323nam a22001457a 4500
008
230614b ||||| |||| 00| 0 eng d
020
_a
9780077297045
041
_a
eng
080
_a
51
082
_a
51HEN
100
_a
24
101
_a
MATE
245
_a
BEGINNING INTERMEDIATE ALGEBRA
_c
HENDRICKS A
942
_2
udc
_c
BK
999
_c
59968
_d
59968